Antwoorden met de letter H - Statistieken

Algemene statistieken
  • Deze quiz is 14 keer genomen
  • De gemiddelde score is 6 van 20
Antwoordstatistieken
Hint Antwoord % Correct
Griekse God van de onderwereld Hades
62%
Keizer van Japan van 1926 tot en met 1989 Hirohito
54%
Schreef de Ilias en de Odyssee Homerus
54%
Leonard Cohen schreef meer dan 7 jaar aan dit nummer Hallelujah
46%
Arabisch voor onrein Haram
46%
Zeppelin die in vlammen opging Hindenburg
46%
Kroatië Hrvatska
38%
Grootste baai van Canada Hudson
38%
Hoofdstad van Nova Scotia Halifax
31%
Band van Courtney Love Hole
23%
Nazi die in 1941 solo naar Schotland vloog om vrede te sluiten met de Britten Rudolf Hess
23%
Nederland won goud op de Olympische spelen van 1920 in het onderdeel 'Bewegend Vogeldoel' Handboogschieten
15%
Deelt de naam van een treinstation met Aerdenhout Heemstede
15%
Natuurkundige en fictionele drugsdealer Heisenberg
15%
Strijd in Graafschap Holland gedurende perioden van de 14e en 15e eeuw Hoekse en Kabeljauwse twisten
15%
Zong over een keizersnee van een metertje of twee Tol Hansse
15%
Achternaam van Uday and Qusay Hoessein
8%
Bill Clinton is er geboren en Barack Obama gebruikte het op campagne posters Hope
8%
Door Stalin veroorzaakte hongersnood in Oekraine Holomodor
0%
Van deze band maakte 'Fatboy Slim' deel uit Housemartins
0%
Geen overeenkomende quizzen gevonden
Scoreverdeling
Procent van Mensen met Elke Score
Percentiel versus Aantal Correcte Antwoorden
Uw Scoregeschiedenis
U heeft deze quiz nog niet genomen